Návrh zlepšenia aplikácie EMS v ŽOS Trnava, a.s.

Na minha lista:
Detalhes bibliográficos
Autor principal: Pobiecky, Lukáš, 1990- (Author)
Outros Autores: Baran, Dušan, 1954- (Thesis advisor)
Formato: Manuscrito Livro
Idioma:eslovaco
Publicado em: 2015
Assuntos:
Acesso em linha:http://is.stuba.sk/zp/portal_zp.pl?podrobnosti=121932
Tags: Adicionar Tag
Sem tags, seja o primeiro a adicionar uma tag!

MARC

LEADER 00000ntm a22000003a 4500
001 stuzp52778
003 SK-STU
005 20160719154258.1
007 ta
008 150427s2015----xo-----f-mn---000-0-slo-d
040 |a STU  |b slo 
041 0 |a slo 
100 1 |a Pobiecky, Lukáš,  |d 1990-  |u 064000  |4 aut  |U MTF Materiálovotechnologická fakulta  |T MTF Ústav priemyselného inžinierstva a manažmentu  |X 66281  |U M4000  |Y 84  |7 A000066281 
242 0 1 |a Suggestion about improvement of aplication of EMS in ŽOS Trnava a.s.  |y eng 
245 1 0 |a Návrh zlepšenia aplikácie EMS v ŽOS Trnava, a.s. 
260 |c 2015 
650 4 |a EMS  |2 slo 
650 4 |a ISO  |2 slo 
650 4 |a Udržateľný rozvoj  |2 slo 
650 4 |a EMS  |2 eng 
650 4 |a ISO  |2 eng 
650 4 |a Sustainable development  |2 eng 
700 1 |a Baran, Dušan,  |d 1954-  |4 ths  |X 1021  |7 A000001021 
856 4 |u http://is.stuba.sk/zp/portal_zp.pl?podrobnosti=121932 
996 |c M* DP-12220  |l MMSKP  |s P  |a 0  |w stuzp52778_0001 
SQL |a stuzp52778  |b DDP  |c SLO  |d Návrh zlepšenia aplikácie EMS v ŽOS Trnava, a.s.  |e 66281  |f Pobiecky, Lukáš  |g 064000  |h 1021  |i Baran, Dušan  |j 20150602  |k 189  |l 06  |m http://is.stuba.sk/zp/portal_zp.pl?podrobnosti=121932  |n I-PMA  |o 5.2.52. priemyselné inžinierstvo